| 000 | 00606nam a2200193Ia 4500 | ||
|---|---|---|---|
| 999 |
_c2683 _d2683 |
||
| 020 | _a7.06653000500711E+018 | ||
| 082 | _a330.9 UNI-; | ||
| 245 | 0 | _aResults of the eighth United Nations inquiry among governments on population adn development | |
| 260 |
_aNew York _bUnited Nations Publications _c2001 |
||
| 300 | _axii, 198p | ||
| 650 | _aHealth | ||
| 650 | _aPopulation - Economic aspects | ||
| 650 | _aBirth control | ||
| 650 | _aPopulation - Statistics | ||
| 650 | _aMortality | ||
| 650 | _aPopulation policy | ||
| 710 | _aUnited Nations. Department of Economic and Social Affairs | ||
| 942 | _cBK | ||